| 000 | 00412nam a22001577a 4500 | ||
|---|---|---|---|
| 003 | OSt | ||
| 005 | 20260312103502.0 | ||
| 008 | 260312b |||||||| |||| 00| 0 eng d | ||
| 020 | _a9789350975466 | ||
| 040 | _cIIMT UNIVERSITY, MEERUT | ||
| 100 | _aP. Subba Rao | ||
| 245 | _aBusiness Policy and Strategic Management | ||
| 260 |
_aNEW DELHI _bHimalaya Publishing House _c2025 |
||
| 300 | _a550 | ||
| 942 |
_2ddc _c02 |
||
| 999 |
_c67164 _d67164 |
||